Marvel superheroes A-Z - Statistics

General Stats
  • This quiz has been taken 76 times
  • The average score is 20 of 26
Answer Stats
Hint Answer % Correct
C The first Avenger, he can do this all day Captain america
97%
B King of Wakanda Black Panther
95%
F Good friend of Captain America, has the name of a bird Falcon
94%
G Daughter of Thanos, now member of the Guardians of the Galaxy Gamora
94%
A He can stretch the size of a little animal Ant-Man
91%
S The most popular Marvel hero Spider-Man
91%
O Father of Thor Odin
89%
R The best friend of Groot Rocket Racoon
89%
T The(almost)only guy who can lift Mjolnir Thor
89%
W Ant-Man and the... Wasp
89%
D An anti-hero who likes to break fourth walls Deadpool
88%
Q The twin brother of Scarlet Witch, runs really fast Quicksilver
88%
X The group of Mutants that the world hates X-Men
88%
Z This greek god of thunder appears in Thor Ragnarok Zeus
88%
H ''Flame on!'' Human Torch
85%
V Deeply in love with Scarlet Witch, can go through walls. Vision
85%
P The telepathic leader of the X-Men Professor X
82%
I This member of the x-men is made of ice. Iceman
80%
E Ninja using twin sai, she has a relationship with Daredevil Elektra
77%
J The Phoenix rests within her Jean Grey
74%
Y Adoptive father of Peter Quill and leader of the Ravagers Yondu
74%
N The sub-mariner king of Atlantis Namor
73%
L This hero for hire is part of the Defenders Luke Cage
62%
M The swamp it is protecting is called'' The Nexus of all realities'' Man-Thing
41%
K The first marvel superhero, is a lot like Tarzan Ka-Zar
20%
U Fighting in both World Wars, his enemy is the first Baron Blood Union Jack
11%
No matching quizzes found
Score Distribution
Percent of People with Each Score
Percentile by Number Answered
Your Score History
You have not taken this quiz